<?xml version="1.0" encoding="UTF-8"?>
<marc:record xmlns:marc="http://www.loc.gov/MARC21/slim">
   <marc:leader>00000nam a2200000 a 4500</marc:leader>
   <marc:datafield ind1="1" ind2=" " tag="100">
      <marc:subfield code="a">Zanger, Melchior</marc:subfield>
      <marc:subfield code="4">aut</marc:subfield>
      <marc:subfield code="e">Verfasser/-in</marc:subfield>
   </marc:datafield>
   <marc:datafield ind1="1" ind2=" " tag="100">
      <marc:subfield code="a">Zanger, Georg</marc:subfield>
   </marc:datafield>
   <marc:datafield ind1="1" ind2=" " tag="100">
      <marc:subfield code="a">Köning, Matthaeus</marc:subfield>
   </marc:datafield>
   <marc:datafield ind1="1" ind2=" " tag="100">
      <marc:subfield code="a">Maximilian &lt;Österreich, Erzherzog&gt;</marc:subfield>
   </marc:datafield>
   <marc:datafield ind1=" " ind2=" " tag="653">
      <marc:subfield code="a">p||Luther</marc:subfield>
   </marc:datafield>
   <marc:datafield ind1=" " ind2=" " tag="653">
      <marc:subfield code="a">Martin</marc:subfield>
   </marc:datafield>
   <marc:datafield ind1=" " ind2=" " tag="653">
      <marc:subfield code="a">s||Kritik</marc:subfield>
   </marc:datafield>
   <marc:datafield ind1=" " ind2=" " tag="653">
      <marc:subfield code="a">s||Bibel / Übersetzung / Deutsch</marc:subfield>
   </marc:datafield>
   <marc:datafield ind1="0" ind2="0" tag="245">
      <marc:subfield code="a">Examen Versionis Lvtheri In Biblia</marc:subfield>
   </marc:datafield>
   <marc:datafield ind1="0" ind2="0" tag="245">
      <marc:subfield code="b">Das ist, Warhafftige und Augenscheinliche Erweisung, welcher gestalt Martinus Luther die H. Schrifft beeder deß Alten unnd Newen Testaments, den Haupt-Sprachen und der gantzen Catholischen Kirchen Theologischen Verstandt zu wider ... verdollmetscht ... ge</marc:subfield>
   </marc:datafield>
   <marc:datafield ind1="0" ind2="0" tag="245">
      <marc:subfield code="c">Alles mit sonderm Fleiß ... auß den fünff Hauptsprachen, der Hebraischen, Caldeischen, Syrischen, Griechischen und Lateinischen, zusammen getragen Durch ... Melchiorn Zangern, gewesenen Probsten zu Ehingen am Neckar</marc:subfield>
   </marc:datafield>
   <marc:datafield ind1=" " ind2="1" tag="264">
      <marc:subfield code="a">Meyntz</marc:subfield>
      <marc:subfield code="b">Albin</marc:subfield>
      <marc:subfield code="c">1605</marc:subfield>
   </marc:datafield>
   <marc:datafield ind1="1" ind2=" " tag="520">
      <marc:subfield code="a">Erscheinungsvermerk lt. Vorlage: Gedruckt in der Churfürstlichen Statt Meyntz bey || Johann Albin. || M.DC.V. Vermerk: Jacobi Strymtini, Druckermarke am Titelbl. http://zentralbibliothek.kapuziner.at/kupferstiche/provinzbibliothek/provinzbibliothek_3626.jpg, Verzierungen und Zierinitialen im Text, gelber Schweinsledereinband auf Buchdeckeln aus Holz, Leder der Buchdeckel mit Streicheisenlinien und fleuralen Bordüren mit Zopfmuster in Blindprägung verziert, Buchrücken mit 5 doppelten Bünden, gelbem Titelschild "ZANGER || EXAMEN VERSIO. || LUTHERI in BIBL." und Signaturschild "37 (1)", Bibliotheksetikett " Ad Bibliothecam || P. P. Capucinorum || Oeniponte. 32(1)"., zwei rechteckige Messingschließen mit Gravur und Lederscharnieren.</marc:subfield>
   </marc:datafield>
   <marc:datafield ind1=" " ind2=" " tag="041">
      <marc:subfield code="a">ger</marc:subfield>
   </marc:datafield>
   <marc:datafield ind1=" " ind2=" " tag="500">
      <marc:subfield code="a">Titelbl. in Rot- und Schwarzdr. - Bibliogr. Nachweis: VD17 14:019909S</marc:subfield>
   </marc:datafield>
   <marc:datafield ind1=" " ind2=" " tag="300">
      <marc:subfield code="a">[12] Bl., 694 [i.e. 690] S. : Ill.; 32,5 cm</marc:subfield>
   </marc:datafield>
</marc:record>
